| 000 | 00412nam a22001457a 4500 | ||
|---|---|---|---|
| 020 | _qPB. | ||
| 040 | _cFIZZA ISHAQ | ||
| 082 |
_a423 _bHER |
||
| 100 |
_aHeritage , American. _9134321 |
||
| 245 |
_aThe American Heritage dictionary / _c American Heritage. |
||
| 250 | _a2nd College Edition. | ||
| 260 |
_a New York: _bDell Pub. Co, _c1969. |
||
| 300 |
_axvi ; 878 P. ; _c6.5 x 4 x 1.5 inches, |
||
| 942 |
_2ddc _cBK |
||
| 999 |
_c617295 _d617295 |
||